000 00180 a2200097 4500
020 _a9781609921842
041 _aspa
100 _aBingham, Jane
245 _aFelicidad
942 _cBK
999 _c12594
_d12594